00574nam a2200133Ia 4500008004100000100003600041245011900077245009500196260005300291260000900344300001100353650001500364856006100379170221s9999 xx 000 0 und d aNdanusa Mohammed Manzuma-Ndaaba aCognitive, Affective and Conative Loyalty in Higher Education Marketing: Proposed Model for Emerging Destinations  cNdanusa Mohammed Manzuma-Ndaaba, Yoshifumi Harada, Abd Rahim Romle, Abdul Shukor Shamsudin bInternational Review of Management and Marketing c2016 a6 : 4S xMarketing. uhttp://www.econjournals.com/index.php/irmm/issue/view/77